00269nam a22000977a 4500020001800000082001600018100002400034245005700058260004800115300000800163 a9781503277168 a320.451 LAW a Lawrence, Susan V. aChina's political institutions and leaders in charts aChinabCongressional Research Servicec2013 a26p